Statistics for Most Common American Men's Names

Click here to take the quiz!

General Stats

  • This quiz has been taken 57,147 times
    (2,812 since last reset)
  • The average score is 29 of 50

Answer Stats

Name Age % Correct
Jonathan30
99%
John53
99%
Michael46
94%
William50
92%
James52
92%
Robert55
83%
Thomas51
83%
David50
82%
Richard57
81%
George56
75%
Christopher35
72%
Daniel39
72%
Paul53
71%
Matthew31
70%
Zachary23
69%
Mark51
69%
Steven49
68%
Stephen51
68%
Andrew32
67%
Donald60
65%
Joseph43
64%
Charles53
63%
Timothy46
61%
Jacob21
60%
Edward54
60%
Samuel30
59%
Ronald60
56%
Benjamin27
55%
Kevin41
54%
Adam30
53%
Alexander21
53%
Patrick43
48%
Gregory50
48%
Anthony37
47%
Nicholas28
47%
Jason36
46%
Joshua27
44%
Brian43
44%
Ryan27
43%
Kenneth54
43%
Eric39
41%
Aaron29
41%
Jeffrey48
40%
Larry62
39%
Gary61
35%
Justin28
33%
Tyler22
29%
Scott48
25%
Dennis60
24%
Brandon26
24%

Score Distribution

Percentile by Number Answered

Percent of People with Each Score

Your Score History

You have not taken this quiz since the last reset